000 00471nam a2200229Ia 4500
001 067835
003 YMCAF
005 20230512160454.0
008 100717s9999 ||||||||||||||||| ||und|d
020 _a-
024 _a67835
035 _a7298
040 _aYMCAF
_beng
_cIN-KoLT
041 _aeng
100 _aTTP, LAHORE
245 0 _aTECHNICAL DRAWING 3 ELECTRICIAN GENERAL
250 _a-
300 _a141
653 _a-
653 _a-
942 _2ddc
_cBK
999 _c4744
_d4744